Personnages de l'univers de Sonic par Emojis - Statistiques

Statistiques générales
  • Ce quiz a été pris 988 fois
  • Le résultat moyen est 8 sur 10
Statistiques - réponses
Emojis Personnages % Correct
Sonic
100%
Tails
91%
Knuckles
87%
Docteur Eggman
86%
Shadow
86%
Amy Rose
84%
Metal Sonic
72%
Rouge
67%
Silver
66%
Blaze
63%
Aucun quiz correspondant
Distribution des résultats
% des personnes avec chaque résultat
Percentile par nombre de réponses
Votre historique - résultats
Vous n’avez pas pris ce quiz